Louvre (Record no. 4555)
[ view plain ]
| 000 -CABECERA | |
|---|---|
| campo de control de longitud fija | 01046nam a2200277 a 4500 |
| 001 - NÚMERO DE CONTROL | |
| campo de control | BRCA_4861 |
| 005 - FECHA Y HORA DE LA ÚLTIMA TRANSACCIÓN | |
| campo de control | 20190320204832.0 |
| 008 - DATOS DE LONGITUD FIJA--INFORMACIÓN GENERAL | |
| campo de control de longitud fija | 041208s1990----fr-a######---#000-0#spa-u |
| 020 ## - NÚMERO INTERNACIONAL ESTÁNDAR DEL LIBRO | |
| Número Internacional Estándar del Libro | 2711822354 |
| 041 ## - CÓDIGO DE LENGUA | |
| Código de lengua del texto/banda sonora o título independiente | spa |
| 044 ## - CÓDIGO DEL PAÍS DE LA ENTIDAD EDITORA/PRODUCTORA | |
| Código MARC del país | fr |
| 050 #4 - SIGNATURA TOPOGRÁFICA DE LA BIBLIOTECA DEL CONGRESO | |
| Número de clasificación | N8670 |
| Número de documento/Ítem | .L68 1990 |
| 245 10 - MENCIÓN DE TÍTULO | |
| Título | Louvre |
| Mención de responsabilidad, etc. | Pierre Quoniam ; traducción N. Boër y C. Marinas ; diseño Pierre Bernard, Fokke Draaijer. |
| 260 ## - PUBLICACIÓN, DISTRIBUCIÓN, ETC. | |
| Lugar de publicación, distribución, etc. | Francia |
| Nombre del editor, distribuidor, etc. | Ministére de la Culture, de la Communication, des Grands Travaux et du Bicentenaire : Réunion des Musèes Nationaux |
| Fecha de publicación, distribución, etc. | 1990 |
| 300 ## - DESCRIPCIÓN FÍSICA | |
| Extensión | 111 p. |
| Otras características físicas | il., 158 láminas a color |
| Dimensiones | 22 cm. |
| 500 ## - NOTA GENERAL | |
| Nota general | Donación Dr. Héctor Rivero Borrell Vázquez |
| 610 24 - PUNTO DE ACCESO ADICIONAL DE MATERIA--NOMBRE DE ENTIDAD CORPORATIVA | |
| Nombre de entidad corporativa o nombre de jurisdicción como elemento de entrada | Museo Louvre |
| Subdivisión de forma | Exposiciones |
| Subdivisión general | Arte europeo |
| 9 (RLIN) | 12291 |
| 650 14 - PUNTO DE ACCESO ADICIONAL DE MATERIA--TÉRMINO DE MATERIA | |
| Término de materia o nombre geográfico como elemento de entrada | Arte europeo |
| Subdivisión de forma | Catálogos |
| Subdivisión general | Historia |
| Subdivisión geográfica | Europa |
| 9 (RLIN) | 12292 |
| 700 1# - PUNTO DE ACCESO ADICIONAL--NOMBRE DE PERSONA | |
| Nombre de persona | Quoniam, Pierre |
| 9 (RLIN) | 12293 |
| 700 1# - PUNTO DE ACCESO ADICIONAL--NOMBRE DE PERSONA | |
| Nombre de persona | Boër, N. |
| Término indicativo de función/relación | Traductor |
| 9 (RLIN) | 12294 |
| 700 1# - PUNTO DE ACCESO ADICIONAL--NOMBRE DE PERSONA | |
| Nombre de persona | Marinas, C. |
| Término indicativo de función/relación | Traductor |
| 9 (RLIN) | 12295 |
| 700 1# - PUNTO DE ACCESO ADICIONAL--NOMBRE DE PERSONA | |
| Nombre de persona | Draaijer, Fokke |
| Término indicativo de función/relación | Diseñador |
| 9 (RLIN) | 12296 |
| 700 1# - PUNTO DE ACCESO ADICIONAL--NOMBRE DE PERSONA | |
| Nombre de persona | Bernard, Pierre |
| Término indicativo de función/relación | Diseñador |
| 9 (RLIN) | 12297 |
| 902 ## - CATALOGADOR | |
| Iniciales | DHR |
| 942 ## - ELEMENTOS DE PUNTO DE ACCESO ADICIONAL (KOHA) | |
| Fuente del sistema de clasificación o colocación | Library of Congress Classification |
| Tipo de ítem Koha | Libros |
| Estado de retiro | Estado de pérdida | Estado dañado | No para préstamo | Localización permanente | Ubicación/localización actual | Fecha de adquisición | Total de préstamos | Signatura topográfica completa | Código de barras | Fecha visto por última vez | Precio válido a partir de | Tipo de ítem Koha |
|---|---|---|---|---|---|---|---|---|---|---|---|---|
| El ejemplar forma parte de la colección y puede ser consultado según las políticas vigentes. | Biblioteca del Museo Franz Mayer (Rogerio Casas-Alatriste) | Biblioteca del Museo Franz Mayer (Rogerio Casas-Alatriste) | 13/10/2010 | N8670 .L68 1990 | DHR00006 | 22/03/2019 | 22/03/2019 | Libros |